Statistics for Oscar - Best Original Score

Click here to take the quiz!

General Stats

  • This quiz has been taken 18 times
    (3 since last reset)
  • The average score is 17 of 138

Answer Stats

HintAnswer% Correct
1982 - Original ScoreE.T. the Extra-Terrestrial
100%
1975 - Original ScoreJaws
100%
2023Oppenheimer
100%
1993Schindler's List
100%
1994The Lion King
100%
1965 - Adaptation/TreatmentThe Sound of Music
100%
1997 - Dramatic ScoreTitanic
100%
2006Babel
50%
1959 - Dramatic/ComedyBen-Hur
50%
2005Brokeback Mountain
50%
1990Dances with Wolves
50%
1941 - Musical ScoringDumbo
50%
2021Dune
50%
2019Joker
50%
2016La La Land
50%
1962 - Substantially OriginalLawrence of Arabia
50%
1964 - Substantially OriginalMary Poppins
50%
1968 - MusicalOliver!
50%
1977 - Original ScoreStar Wars
50%
1957The Bridge on the River Kwai
50%
1974 - Dramatic ScoreThe Godfather Part II
50%
2015The Hateful Eight
50%
2001The Lord of the Rings: The Fellowship of the Ring
50%
2003The Lord of the Rings: The Return of the King
50%
1976 - Original ScoreThe Omen
50%
1939 - Original ScoreThe Wizard of Oz
50%
1947 - Dramatic/ComedyA Double Life
0%
1966 - Adaptation/TreatmentA Funny Thing Happened on the Way to the Forum
0%
1992Aladdin
0%
1938 - ScoringAlexander's Ragtime Band
0%
1977 - Song Score/AdaptationA Little Night Music
0%
1979 - Original ScoreA Little Romance
0%
2022All Quiet on the Western Front
0%
1979 - Song Score/AdaptationAll That Jazz
0%
1951 - MusicalAn American in Paris
0%
1945 - MusicalAnchors Aweigh
0%
1950 - MusicalAnnie Get Your Gun
0%
1936Anthony Adverse
0%
1984 - Original ScoreA Passage to India
0%
1951 - Dramatic/ComedyA Place in the Sun
0%
1956 - Dramatic/ComedyAround the World in 80 Days
0%
2007Atonement
0%
1975 - Song Score/AdapationBarry Lyndon
0%
1991Beauty and the Beast
0%
2018Black Panther
0%
1966 - Original Music ScoreBorn Free
0%
1976 - Song Score/AdaptationBound for Glory
0%
1961 - Dramatic/ComedyBreakfast at Tiffany's
0%
1969 - Motion PictureButch Cassidy and the Sundance Kid
0%
1972 - Adaptation/OriginalCabaret
0%
1953 - MusicalCall Me Madam
0%
1967 - Adaptation/TreatmentCamelot
0%
1981Chariots of Fire
0%
1944 - MusicalCover Girl
0%
2000Crouching Tiger, Hidden Dragon
0%
1965 - Substantially OriginalDoctor Zhivago
0%
1948 - MusicalEaster Parade
0%
1996 - Musical/Comedy ScoreEmma
0%
1960 - Dramatic/ComedyExodus
0%
1980Fame
0%
1971 - Adaptation/OriginalFiddler on the Roof
0%
2004Finding Neverland
0%
2002Frida
0%
1958 - MusicalGigi
0%
2013Gravity
0%
1969 - MusicalHello, Dolly!
0%
1952 - Dramatic/ComedyHigh Noon
0%
1963 - Adaptation/TreatmentIrma la Douce
0%
1970 - Original Song ScoreLet It Be
0%
1998 - Dramatic ScoreLife is Beautiful
0%
2012Life of Pi
0%
1953 - Dramatic/ComedyLili
0%
1972 - Dramatic ScoreLimelight
0%
1955 - Dramatic/ComedyLove is a Many-Splendored Thing
0%
1970 - Original ScoreLove Story
0%
1978 - Original ScoreMidnight Express
0%
1947 - MusicalMother Wore Tights
0%
1964 - Adaptation/TreatmentMy Fair Lady
0%
1942 - Dramatic/ComedyNow, Voyager
0%
1955 - MusicalOklahoma!
0%
1937One Hundred Men and a Girl
0%
1934One Night of Love
0%
1949 - MusicalOn the Town
0%
1985Out of Africa
0%
1940 - Original ScorePinocchio
0%
1995 - Musical/Comedy ScorePocahontas
0%
1959 - MusicalPorgy and Bess
0%
1984 - Original Song ScorePurple Rain
0%
1986Round Midnight
0%
1954 - MusicalSeven Brides for Seven Brothers
0%
1998 - Musical/Comedy ScoreShakespeare in Love
0%
1944 - Dramatic/ComedySince You Went Away
0%
2008Slumdog Millionaire
0%
1960 - MusicalSong Without End
0%
2020Soul
0%
1945 - Dramatic/ComedySpellbound
0%
1939 - ScoringStagecoach
0%
1971 - Dramatic ScoreSummer of '42
0%
1950 - Dramatic/ComedySunset Boulevard
0%
1938 - Original ScoreThe Adventures of Robin Hood
0%
2011The Artist
0%
1946 - Dramatic/ComedyThe Best Years of Our Lives
0%
1978 - Adaptation ScoreThe Buddy Holly Story
0%
1941 - Dramatic/ComedyThe Devil and Daniel Webster
0%
1996 - Dramatic ScoreThe English Patient
0%
1997 - Musical/Comedy ScoreThe Full Monty
0%
2014The Grant Budapest Hotel
0%
1974 - Song Score/AdaptationThe Great Gatsby
0%
1949 - Dramatic/ComedyThe Heiress
0%
1954 - Dramatic/ComedyThe High and the Mighty
0%
1935The Informer
0%
1946 - MusicalThe Jolson Story
0%
1956 - MusicalThe King and I
0%
1987The Last Emperor
0%
1968 - Motion PictureThe Lion in Winter
0%
1989The Little Mermaid
0%
1988The Milagro Beanfield War
0%
1962 - Adaptation/TreatmentThe Music Man
0%
1958 - Dramatic/ComedyThe Old Man and the Sea
0%
1995 - Dramatic ScoreThe Postman
0%
1948 - Dramatic/ComedyThe Red Shoes
0%
1999The Red Violin
0%
1983 - Original ScoreThe Right Stuff
0%
2017The Shape of Water
0%
2010The Social Network
0%
1943 - Dramtic/ComedyThe Song of Bernadette
0%
1973 - Song Score/AdaptationThe Sting
0%
1973 - Dramatic ScoreThe Way We Were
0%
1943 - MusicalThis Is the Army
0%
1967 - Original Music ScoreThoroughly Modern Millie
0%
1940 - ScoringTin Pan Alley
0%
1963 - Substnatially OriginalTom Jones
0%
2009Up
0%
1982 - Song Score/AdaptationVictor/Victoria
0%
1961 - MusicalWest Side Story
0%
1952 - MusicalWith a Song in My Heart
0%
1942 - MusicalYankee Doodle Dandy
0%
1983 - Song Score/AdaptationYentl
0%

Score Distribution

Percentile by Number Answered

Percent of People with Each Score

Your Score History

You have not taken this quiz since the last reset